Normal view MARC view

Entry Corporate Name

Number of records used in: 0

001 - CONTROL NUMBER

  • control field: 981981

003 - CONTROL NUMBER IDENTIFIER

  • control field:

005 - DATE AND TIME OF LATEST TRANSACTION

  • control field: 20210627113455.0

008 - FIXED-LENGTH DATA ELEMENTS

  • fixed length control field: 210627|| aca||aabn | a|a d

040 ## - CATALOGING SOURCE

  • Original cataloging agency:
  • Transcribing agency:

110 ## - HEADING--CORPORATE NAME

  • Corporate name or jurisdiction name as entry element: University of Miami.
  • Subordinate unit: Clean Energy Research Institute

670 ## - SOURCE DATA FOUND

  • Source citation: Work cat.: ()859345: Proceedings of the Solar Cooling and Heating Forum c(1976, Dec. 13-15 : Miami Beach, Florida). 981977, Solar cooling and heating :, 1978
                                                                           
web counter

Copyright ©2020 The National Library of India, Govt. of India ↔ Hosted by NVLI, MOC ↔ Technology and Design by National Library of India, Ministry of Culture, Govt. of India